Hammond Barnhart dictionary of science /

Guardado en:
Detalles Bibliográficos
Autor principal: Barnhart, Robert K (Autor)
Formato: Libro
Lenguaje:inglés
Publicado: Maplewood : HAMMOND, 1986
Edición:1.ed.
Materias:
Etiquetas: Agregar Etiqueta
Sin Etiquetas, Sea el primero en etiquetar este registro!

MARC

LEADER 00000nam a22000003a 4500
001 stu7195
005 20150617225809.7
008 941214s1986----xxu-----------------eng-d
020 |a 0-8437-1689-4 
040 |a STU  |b slo 
041 0 |a eng 
044 |a xxu 
080 |a 001.0(038) 
100 1 |a Barnhart, Robert K  |4 aut 
245 1 |a Hammond Barnhart dictionary of science /  |c [aut.] Barnhart,Robert K 
250 |a 1.ed. 
260 |a Maplewood :  |b HAMMOND,  |c 1986 
300 |a 740 s 
650 7 |a náučné slovníky  |2 stusub 
650 7 |a vedecké pojmy  |2 stusub 
996 |b 284EK08524  |c E*79439  |l EE0101  |s P  |a 0  |w stu7195_0001 
996 |b E79480  |c E*79480  |l EE10  |s P  |a 0  |w stu7195_0002